000 00978nas a2200313 4500
001 BR2015004391
003 BR-BrBNA
005 20231205125557.0
007 ta
008 230509b bl.|||p| |||| 00| 00por d
040 _aBR-BrBNA
_bpor
_cBiblioteca Nacional de Agricultura
041 _a(Pt)
072 _aE70; E72; Q03
100 1 _aSoares Neto, J.A.
100 1 _aRodrigues, E.
100 1 _aAlmodovar, A.A.B.
100 1 _aPereira, T.C.
100 1 _aBugno, A.
245 1 _aRisco microbiológico associado a drogas vegetais psicoativas adquiridas no comércio popular
650 _aPLANTA MEDICINAL
650 _aPLANTA PRODUTORA DE DROGA
650 _aCONTAMINAÇÃO
650 _aMICOTOXINA
650 _aCOMÉRCIO INTERNO
650 _aSAÚDE PÚBLICA
773 0 _tRevista do Instituto Adolfo Lutz (Brazil)
_xISSN 0073-9855
_g(Apr-Jun 2012), v. 71(2) p. 420-423
_wBR2015004391
909 _a202311
_bLúcia
_c55
_dLúcia Elande
942 _2AGRIS
_n0
_cANA
999 _c245007
_d245007